| 000 | 00548cam a22002057a 4500 | ||
|---|---|---|---|
| 999 |
_c413 _d413 |
||
| 001 | 4999 | ||
| 003 | BD-DhUAP | ||
| 005 | 20200122111059.0 | ||
| 008 | 200122s1996 bg 000 0 eng | ||
| 020 | _a9843002113 | ||
| 040 |
_aDLC _cDLC _dBD-DhUAP |
||
| 082 |
_223 _a297.122 AHM |
||
| 100 | 1 | _aAhmad, Taslim. | |
| 245 | 1 | 4 |
_aThe Quranic way of life / _cTaslim Ahmad. |
| 260 |
_aDhaka : _bAshfaq Ahmad, _cc1996. |
||
| 300 |
_axix, 112 pages ; _c21 cm. |
||
| 650 |
_aQurʼan _vCriticism |
||
| 650 |
_aIslam _vCustoms and practices. |
||
| 942 |
_2ddc _cBK |
||